ARRUPE JESUIT UNIVERSITY

CORONAVIRUS -STOP THE SPREAD - CLEAN,DISINFECT,COVER
Normal view MARC view

Entry Personal Name

Number of records used in: 1

001 - CONTROL NUMBER

  • control field: 10653

003 - CONTROL NUMBER IDENTIFIER

  • control field: ARRUPE

005 - DATE AND TIME OF LATEST TRANSACTION

  • control field: 20140606113033.0

008 - FIXED-LENGTH DATA ELEMENTS

  • fixed length control field: 140606|| aca||aabn | a|a d

040 ## - CATALOGING SOURCE

  • Original cataloging agency: ARRUPE
  • Transcribing agency: ARRUPE

100 ## - HEADING--PERSONAL NAME

  • Personal name: Montesquieu, Charles de Secondat,
  • Titles and other words associated with a name: baron de,
  • Dates associated with a name: 1689-1755.

670 ## - SOURCE DATA FOUND

  • Source citation: Work cat.: (ARRUPE)0: Montesquieu, Charles de Secondat, baron de, 1689-1755., Considerations on the causes of the greatness of the Romans and their decline /, 1999.

 

Arrupe Library. PO Box MP320 Mt Pleasant, Harare, Zimbabwe
263 242 745411|librarian@aju.ac.zw